| 000 | 00967cam a22003015a 4500 | ||
|---|---|---|---|
| 001 | 016862185 | ||
| 003 | OSt | ||
| 005 | 20201128023724.0 | ||
| 008 | 150803t2015 enka frbd 001 0 eng d | ||
| 015 |
_aGBB5E1701 _2bnb |
||
| 020 | _a9781292056562 (paperback) | ||
| 020 | _a1292056568 (paperback) | ||
| 040 |
_aStDuBDS _beng _cStDuBDS _dEG-ScBUE |
||
| 082 | 0 | 4 |
_a150 _bWAD _222 |
| 100 | 1 |
_aWade, Carole _c(Professor of psychology) _9883 |
|
| 245 | 1 | 0 |
_aInvitation to psychology / _cCarole Wade, Carol Tavris, Maryanne Garry. |
| 250 | _a6th ed., Global ed. | ||
| 260 |
_aHarlow : _bPearson Education Limited, _cc.2015. |
||
| 300 |
_a1 v. (various pagings) : _bill. (some col.) ; _c28 cm. |
||
| 500 | _aIncludes glossary. | ||
| 504 | _aIncludes bibliographical references and index. | ||
| 650 | 7 |
_aPsychology. _2BUEsh _9890 |
|
| 651 | _2BUEsh | ||
| 653 |
_bNNUR _cApril2016 |
||
| 700 | 1 |
_aTavris, Carol. _9884 |
|
| 700 | 1 |
_aGarry, Maryanne. _939830 |
|
| 942 | _2ddc | ||
| 999 |
_c21632 _d21604 |
||